000 00475nab a2200145Ia 4500
003 ES-SlBCS
005 20210601123949.0
008 140529s1981 xxu||||| |||| 00| 0 eng d
041 _aeng
100 1 _aFerejohn, Michael T.
_9132596
245 0 0 _aAristotle on necessary truth and logical priority
_c Michael T. Ferejohn
650 0 4 _aLógica Aristotélica
_9112388
773 0 _tAmerican Philosophical Quarterly
_gvol. 18, nº. 4, 1981, págs. 281-293
_wRev1386
942 _cAR
999 _c506921
_d506921